1705 1158 1724 1114 1968 1459 1094 1658 1975 1071 1431 1980 1681 1806 1292 1781 1458 1210 1859 1812 1538 1423 1125 1015 1128 1473 1793 1281 1879 1334 1448 1167 1054 1087 1701 1739 1169 1871 1242 1394 1972 1930 1319 1238 1296 1367 1687 1650 1912 1654 1636 1852 1555 1098 1607 1168 1359 1343 1307 1875 1154 1348 1777 1583 1736 1301 1630 1176 1874 1984 1768 1059 1248 1805 1985 1159 1922 1981 1506 1387 1800 1612 1841 1616 1063 1195 1750 1957 1657 1554 1440 1780 1220 1060 1323 1967 1135 1554 1367 BCNSPRNW ULIB Ver.6.0+V

เปลี่ยนเป็นภาษาไทย

Change to English
 แสดงรายละเอียดบรรณานุกรม
  กลับหน้าหลัก

Brief Record : Get Marc (ISO 2709) : E-mail record : QR code < ปิดหน้าต่าง
LEADER : 00000nam 2200000uu 4500
001    13399120701
003     ULIB
008    020711s2550 th a 000 0 tha d
020    9789749404706
050  4 BF^bพ972ม
100    ไพนรินทร์ ไพธรรมโชติวัฒน์
245    มองให้รอบทิศแล้วค่อยคิดออกมา /^cไพนรินทร์ ไพธรรมโชติวัฒน์
260    กรุงเทพฯ :^bThe Knowledge Center,^c2550
300    231 หน้า
650    จิตวิทยา^xการพัฒนาตนเอง
650    จิตวิทยา^xกาพัฒนาองค์กร
945    ^p195^l0^i24886
999    ^aทศพร เกษรทอง
รายการนี้ยังไม่มีแท็ก
คุณยังไม่ได้ล็อกอิน คุณสามารถมีกิจกรรมร่วมกับเว็บไซต์ได้ แต่ต้องล็อกอินก่อน ::
  ล็อกอิน

รายการสื่อสารสนเทศ

ลำดับที่ ประเภท เลขเรียก/บาร์โค้ด สถานที่ สถานะ
1. วิทยาศาสตร์การแพทย์ และสุขภาพ
วิทยาศาสตร์การแพทย์ และสุขภาพ
BF พ972ม ฉ.1 
  Barcode: 24886
ห้องสมุดวิทยาเขตสวรรค์ประชารักษ์
►หนังสือทั่วไป
บนชั้น

BibComment


ยังไม่เคยถูกคอมเมนท์

คอมเมนท์ทรัพยากรรายการนี้
  คอมเมนท์: มองให้รอบทิศแล้วค..


 Copyright 2026. Bcnsprnw @Library